000 00462nam a2200205Ia 4500
003 0100
008 130303s9999 xx 000 0 und d
020 _a1840461241
040 _cARRUPELIB
050 _aQB981.H377C693
100 _aColes, Peter
245 _aHawking and the mind of God
260 _aNew York
260 _bIcon Books
260 _C2000
300 _a74p.
300 _b 18cm
440 _aPostmodern Encounters
942 _2lcc
_01
999 _c60905
_d60905